| 000 | 00623nam a22001937a 4500 | ||
|---|---|---|---|
| 005 | 20251108170605.0 | ||
| 008 | 250721s2000 xx 000 0 ara d | ||
| 082 | 1 | 4 | _a660/درو |
| 100 | 1 | _aدرويش، عبد الكريم | |
| 245 | 1 | 0 |
_aالصناعات الكيميائية التجارية : _bالمستحضرات الغذائية / |
| 250 | _aط.4. | ||
| 264 | 1 |
_aدمشق : _bدار المعرفة، _c2000. |
|
| 300 | _a93 ص. | ||
| 650 | 1 | 7 | _aالصناعات الكيميائية |
| 650 | 1 | 7 | _aصناعة العطور |
| 650 | 1 | 7 | _aالصناعات الغذائية |
| 942 |
_2ddc _cBK |
||
| 999 |
_c44253 _d44253 |
||